[Event "Geller Memorial op-A 3rd"]
[Site "Odessa"]
[Date "2007.09.16"]
[Round "9"]
[White "Tobak, Andrey"]
[Black "Eingorn, Vereslav S"]
[Result "1/2-1/2"]
[WhiteElo "2354"]
[BlackElo "2586"]
[PlyCount "27"]
[EventDate "2007.09.08"]
[EventType "swiss"]
[EventRounds "9"]
[EventCountry "UKR"]
[SourceTitle "CBM 120 Extra"]
[Source "ChessBase"]
[SourceDate "2007.11.01"]
[SourceVersion "1"]
[SourceVersionDate "2007.11.01"]
[SourceQuality "1"]

1. d4 Nf6 2. c4 e6 3. Nc3 Bb4 4. e3 c5 5. Nf3 Nc6 6. Bd3 Bxc3+ 7. bxc3 d6 8. e4 e5 9. d5 Ne7 10. Nd2 0-0 11. Nf1 Ne8 12. Ne3 f5 13. exf5 Nxf5 14. Qc2 1/2-1/2

[Event "Odessa-ch"]
[Site "Odessa"]
[Date "2001.??.??"]
[Round "5"]
[White "Prokofiev, Y."]
[Black "Tobak, Andrey"]
[Result "1/2-1/2"]
[WhiteElo "2415"]
[BlackElo "2400"]
[PlyCount "29"]
[EventDate "2001.02.??"]
[EventType "tourn"]
[EventRounds "15"]
[EventCountry "UKR"]
[EventCategory "3"]
[SourceTitle "EXT 2002"]
[Source "ChessBase"]
[SourceDate "2001.11.25"]
[SourceVersion "1"]
[SourceVersionDate "2001.11.25"]
[SourceQuality "1"]

1. d4 d5 2. c4 e6 3. Nc3 Nf6 4. Nf3 c5 5. e3 a6 6. cxd5 Nxd5 7. Be2 Nxc3 8. bxc3 b6 9. 0-0 Bb7 10. Ne5 Nd7 11. Nxd7 Qxd7 12. Bf3 Be7 13. Bxb7 Qxb7 14. a4 0-0 15. Ba3 1/2-1/2

[Event "Odessa-ch"]
[Site "Odessa"]
[Date "2001.??.??"]
[Round "6"]
[White "Tobak, Andrey"]
[Black "Aleferenko, Anton"]
[Result "1-0"]
[WhiteElo "2400"]
[BlackElo "2312"]
[PlyCount "51"]
[EventDate "2001.02.??"]
[EventType "tourn"]
[EventRounds "15"]
[EventCountry "UKR"]
[EventCategory "3"]
[SourceTitle "EXT 2002"]
[Source "ChessBase"]
[SourceDate "2001.11.25"]
[SourceVersion "1"]
[SourceVersionDate "2001.11.25"]
[SourceQuality "1"]

1. d4 Nf6 2. Nf3 c5 3. c3 e6 4. g3 Nc6 5. Bg2 d5 6. 0-0 Bd6 7. a3 0-0 8. b4 cxd4 9. cxd4 Bd7 10. Nc3 Rc8 11. Qd3 a6 12. e4 dxe4 13. Nxe4 Nxe4 14. Qxe4 Be7 15. Bf4 Qe8 16. Rfe1 Nd8 17. Ne5 Ba4 18. d5 f6 19. Nc4 f5 20. Qd3 Bb5 21. Rac1 Qd7 22. Ne5 Rxc1 23. Rxc1 Qxd5 24. Qc3 Qa2 25. Ra1 Qe2 26. Bf3 1-0

[Event "Odessa-ch"]
[Site "Odessa"]
[Date "2000.??.??"]
[Round "?"]
[White "Aleferenko, Anton"]
[Black "Tobak, Andrey"]
[Result "1/2-1/2"]
[WhiteElo "2312"]
[BlackElo "2392"]
[PlyCount "64"]
[EventDate "2000.??.??"]
[EventType "tourn"]
[EventRounds "15"]
[EventCountry "UKR"]
[SourceTitle "EXT 2001"]
[Source "ChessBase"]
[SourceDate "2000.11.22"]
[SourceVersion "1"]
[SourceVersionDate "2000.11.22"]
[SourceQuality "1"]

1. d4 Nf6 2. c4 c5 3. e3 cxd4 4. exd4 d5 5. Nc3 Nc6 6. Bg5 Qb6 7. Qd2 dxc4 8. Bxf6 gxf6 9. Bxc4 Qb4 10. Bb5 a6 11. Bxc6+ bxc6 12. Nge2 Rb8 13. 0-0 h5 14. b3 Bh6 15. f4 h4 16. Rae1 h3 17. g3 f5 18. Qe3 Bg7 19. Na4 Rb5 20. Nc5 Rxc5 21. dxc5 Rh6 22. Rc1 Re6 23. Qd3 Rxe2 24. Qxe2 Bd4+ 25. Rf2 Be6 26. Rd1 Qxc5 27. Rxd4 Qxd4 28. Qb2 Qd1+ 29. Rf1 Qd3 30. Qh8+ Kd7 31. Qxh3 Bd5 32. Rf2 Qe4 1/2-1/2

[Event "Klubis Memorial"]
[Site "Odessa"]
[Date "2000.??.??"]
[Round "13"]
[White "Tobak, Andrey"]
[Black "Fingerov, Dmitry"]
[Result "1-0"]
[WhiteElo "2418"]
[BlackElo "2385"]
[PlyCount "57"]
[EventDate "2000.09.17"]
[EventType "tourn"]
[EventRounds "13"]
[EventCountry "UKR"]
[SourceTitle "EXT 2002"]
[Source "ChessBase"]
[SourceDate "2001.11.25"]
[SourceVersion "1"]
[SourceVersionDate "2001.11.25"]
[SourceQuality "1"]

1. c4 e6 2. d4 d5 3. Nf3 Nf6 4. Bg5 dxc4 5. e4 Be7 6. Nc3 a6 7. a4 h6 8. Bxf6 Bxf6 9. Bxc4 g6 10. 0-0 0-0 11. e5 Bg7 12. h4 Nd7 13. h5 gxh5 14. Qe2 Re8 15. Rfd1 Rb8 16. Rd3 Qe7 17. Ne4 b5 18. axb5 axb5 19. Bb3 c5 20. Bc2 cxd4 21. Ng3 Bb7 22. Nxh5 Bxf3 23. Rxf3 Bxe5 24. Ra7 f6 25. Rxf6 Bxf6 26. Rxd7 Qf8 27. Qd3 Re7 28. Qg6+ Kh8 29. Rxe7 1-0

[Event "Polanica Zdroj op"]
[Site "Polanica Zdroj"]
[Date "1999.08.25"]
[Round "10"]
[White "Tobak, Andrey"]
[Black "Malakhatko, Vadim"]
[Result "0-1"]
[WhiteElo "2421"]
[BlackElo "2537"]
[PlyCount "62"]
[EventDate "1999.08.17"]
[EventType "swiss"]
[EventRounds "10"]
[EventCountry "POL"]
[SourceTitle "EXT 2000"]
[Source "ChessBase"]
[SourceDate "1999.11.16"]
[SourceVersion "1"]
[SourceVersionDate "1999.11.16"]
[SourceQuality "1"]

1. d4 Nf6 2. Nc3 d5 3. Bg5 e6 4. e4 Bb4 5. Nge2 dxe4 6. a3 Be7 7. Bxf6 gxf6 8. Nxe4 b6 9. N2c3 Bb7 10. Qf3 c6 11. 0-0-0 f5 12. Ng3 Nd7 13. Nh5 Nf6 14. Bc4 Qc7 15. Nxf6+ Bxf6 16. g4 0-0-0 17. gxf5 Bxd4 18. fxe6 fxe6 19. Bxe6+ Kb8 20. Qg3 Be5 21. Rxd8+ Rxd8 22. Qh3 c5 23. Re1 Bxh2 24. Qf5 Qf4+ 25. Kb1 Qxf5 26. Bxf5 h5 27. Re7 Rh8 28. Be4 Bxe4 29. Nxe4 h4 30. Nf6 h3 31. Ng4 Bg1 0-1

[Event "Polanica Zdroj op"]
[Site "Polanica Zdroj"]
[Date "1999.08.21"]
[Round "5"]
[White "Brodsky, Michail"]
[Black "Tobak, Andrey"]
[Result "1-0"]
[WhiteElo "2512"]
[BlackElo "2421"]
[PlyCount "58"]
[EventDate "1999.08.17"]
[EventType "swiss"]
[EventRounds "10"]
[EventCountry "POL"]
[SourceTitle "EXT 2000"]
[Source "ChessBase"]
[SourceDate "1999.11.16"]
[SourceVersion "1"]
[SourceVersionDate "1999.11.16"]
[SourceQuality "1"]

1. e4 e5 2. Nf3 Qe7 3. Nc3 c6 4. d4 d6 5. Be2 Nf6 6. 0-0 h6 7. a4 Bg4 8. a5 Nbd7 9. Re1 g5 10. b3 Bxf3 11. Bxf3 Bg7 12. d5 c5 13. h3 0-0 14. Ra2 Rfb8 15. Ne2 Nf8 16. Ng3 Ng6 17. Nf5 Qd8 18. g3 Ne7 19. Ne3 b5 20. Kg2 Qd7 21. Rh1 h5 22. Kg1 Rf8 23. Nf1 g4 24. hxg4 hxg4 25. Bg2 Nxe4 26. Bxe4 f5 27. Bg2 Rf6 28. Bg5 Rg6 29. Rh5 a6 1-0

[Event "MK Cafe Cup-B"]
[Site "Koszalin"]
[Date "1999.08.05"]
[Round "3"]
[White "Komliakov, Viktor"]
[Black "Tobak, Andrey"]
[Result "1/2-1/2"]
[WhiteElo "2494"]
[BlackElo "2421"]
[PlyCount "59"]
[EventDate "1999.08.03"]
[EventType "swiss"]
[EventRounds "10"]
[EventCountry "POL"]
[SourceTitle "EXT 2000"]
[Source "ChessBase"]
[SourceDate "1999.11.16"]
[SourceVersion "1"]
[SourceVersionDate "1999.11.16"]
[SourceQuality "1"]

1. e4 Nf6 2. e5 Nd5 3. d4 d6 4. Nf3 c6 5. Be2 g6 6. c4 Nc7 7. exd6 Qxd6 8. Nc3 Bg7 9. Be3 0-0 10. Qd2 Nba6 11. Bf4 Qd8 12. Bh6 Bg4 13. Bxg7 Kxg7 14. d5 cxd5 15. Qd4+ e5 16. Qxg4 d4 17. 0-0-0 f5 18. Qg3 Qf6 19. Nb5 Rae8 20. Nxc7 Nxc7 21. Rhe1 Rf7 22. Qh4 Qa6 23. Ng5 Rfe7 24. Qxh7+ Kf6 25. Qh4 Qxa2 26. Rd3 Nb5 27. Ne4+ Ke6 28. Qf6+ Kd7 29. Nc5+ Kc8 30. Rb3 1/2-1/2

[Event "MK Cafe Cup-B"]
[Site "Koszalin"]
[Date "1999.08.03"]
[Round "1"]
[White "Matras Clement, Agnieszka"]
[Black "Tobak, Andrey"]
[Result "0-1"]
[WhiteElo "2146"]
[BlackElo "2421"]
[PlyCount "102"]
[EventDate "1999.08.03"]
[EventType "swiss"]
[EventRounds "10"]
[EventCountry "POL"]
[SourceTitle "EXT 2000"]
[Source "ChessBase"]
[SourceDate "1999.11.16"]
[SourceVersion "1"]
[SourceVersionDate "1999.11.16"]
[SourceQuality "1"]

1. e4 Nf6 2. e5 Nd5 3. d4 d6 4. Nf3 Nc6 5. c4 Nb6 6. Nc3 Bg4 7. exd6 exd6 8. Be3 Be7 9. Be2 0-0 10. b3 Bf6 11. 0-0 d5 12. c5 Nc8 13. h3 Be6 14. Rb1 N8e7 15. b4 Nf5 16. b5 Nxe3 17. fxe3 Ne7 18. e4 dxe4 19. Nxe4 Nd5 20. Nxf6+ Qxf6 21. Qd2 Qf4 22. Qxf4 Nxf4 23. Rfe1 Bxa2 24. Ra1 Bd5 25. Bf1 Rfd8 26. Ne5 Ne6 27. Ra4 Bb3 28. Rb4 Bd5 29. Ra1 f6 30. Ng4 c6 31. Ne3 Nc7 32. bxc6 Bxc6 33. Bc4+ Kf8 34. d5 a5 35. Rb2 Nxd5 36. Nxd5 Bxd5 37. Bxd5 Rxd5 38. Rxb7 Rxc5 39. Rd1 Rg5 40. Rdd7 h5 41. Kf2 Kg8 42. Kf3 Rc8 43. Ra7 Rc3+ 44. Kf4 Rxg2 45. Rxa5 Rxh3 46. Rdd5 Rg4+ 47. Kf5 Re3 48. Rdb5 Rg5+ 49. Kf4 Rxb5 50. Rxb5 Re5 51. Rb7 Kh7 0-1

[Event "MK Cafe Cup-B"]
[Site "Koszalin"]
[Date "1998.??.??"]
[Round "1"]
[White "Skorobogaty, Krzysztof"]
[Black "Tobak, Andrey"]
[Result "0-1"]
[WhiteElo "2125"]
[BlackElo "2350"]
[PlyCount "96"]
[EventDate "1998.08.??"]
[EventType "swiss"]
[EventRounds "10"]
[EventCountry "POL"]
[SourceTitle "EXT 1999"]
[Source "ChessBase"]
[SourceDate "1998.11.16"]
[SourceVersion "1"]
[SourceVersionDate "1998.11.16"]
[SourceQuality "1"]

1. d4 Nf6 2. c4 c5 3. e3 e6 4. Nf3 b6 5. Nc3 Bb7 6. Be2 Be7 7. 0-0 0-0 8. b3 d6 9. Bb2 Nbd7 10. Qc2 a6 11. Rfd1 Rc8 12. Rac1 h6 13. e4 cxd4 14. Nxd4 Qc7 15. f4 Qb8 16. Bf3 Rfe8 17. Qd2 Rcd8 18. Nde2 Ba8 19. Ng3 b5 20. cxb5 axb5 21. Qe2 Bc6 22. a4 bxa4 23. bxa4 Nc5 24. Nb5 Qb7 25. Bxf6 gxf6 26. Qc4 f5 27. exf5 Bxf3 28. gxf3 Qxf3 29. fxe6 fxe6 30. Nc7 Rf8 31. Rf1 Qe3+ 32. Kg2 d5 33. Qc2 Rf6 34. Nh5 Nd3 35. Nxf6+ Bxf6 36. Rcd1 Qe4+ 37. Kg3 Kf7 38. Nxe6 Rg8+ 39. Ng5+ hxg5 40. Qc7+ Kg6 41. f5+ Kh6 42. Qd6 Kg7 43. Qd7+ Kh8 44. Rxd3 Qxd3+ 45. Rf3 Be5+ 46. Kg2 Qe2+ 47. Rf2 Qe4+ 48. Kf1 Rb8 0-1